Statistics for Stops of CTB15 (Peak Direction)

Click here to take the quiz!

General Stats

  • This quiz has been taken 9 times
  • The average score is 7 of 29

Answer Stats

HintAnswer% Correct
25Guildford Road
86%
3Central (Exchange Square)
71%
29The Peak
71%
1Central Pier 5
43%
11Shiu Fai Terrace
43%
6Three Pacific Place
43%
5Admiralty Station, Queensway
29%
15Bradbury School
29%
2Central (Star Ferry)
29%
14Evergreen Villa
29%
13Hong Kong Adventist Hospital
29%
7Lun Fat Street
29%
18Opus Hong Kong
29%
19Wan Chai Gap Road
29%
242 Mansfield Road
14%
236 Mansfield Road
14%
8Amoy Street
14%
4City Hall, Connaught Road Central
14%
21Guildford Court
14%
10St Joseph's College Primary School
14%
20Taikoo House
14%
9The Zenith
14%
26Craigmin Road
0%
28Mount Kellett Road
0%
16Mount Nicholson Road
0%
22Rosmead Road
0%
12Stubbs Road Sitting-out Area
0%
27The Peak Police Station
0%
17White Jade
0%

Score Distribution

Percentile by Number Answered

Percent of People with Each Score

Your Score History

You have not taken this quiz